<?xml version="1.0" encoding="UTF-8"?>
<record
    xmlns:xsi="http://www.w3.org/2001/XMLSchema-instance"
    xsi:schemaLocation="http://www.loc.gov/MARC21/slim http://www.loc.gov/standards/marcxml/schema/MARC21slim.xsd"
    xmlns="http://www.loc.gov/MARC21/slim">

  <leader>01443namaa22003131i 4500</leader>
  <controlfield tag="005">20260224094516.0</controlfield>
  <controlfield tag="008">260119s1995    ua a|||frm||| 000 0 eng d</controlfield>
  <datafield tag="040" ind1=" " ind2=" ">
    <subfield code="a">EG-GICUC</subfield>
    <subfield code="b">eng</subfield>
    <subfield code="c">EG-GICUC</subfield>
    <subfield code="d">EG-GICUC</subfield>
    <subfield code="e">rda</subfield>
  </datafield>
  <datafield tag="041" ind1="0" ind2=" ">
    <subfield code="a">eng</subfield>
    <subfield code="b">eng</subfield>
    <subfield code="b">ara</subfield>
  </datafield>
  <datafield tag="049" ind1=" " ind2=" ">
    <subfield code="a">Deposit</subfield>
  </datafield>
  <datafield tag="097" ind1=" " ind2=" ">
    <subfield code="a">M.Sc</subfield>
  </datafield>
  <datafield tag="099" ind1=" " ind2=" ">
    <subfield code="a">Cai01.07.19.M.Sc.1995.Na.S.</subfield>
  </datafield>
  <datafield tag="100" ind1="0" ind2=" ">
    <subfield code="a">Nagwa Mahmoud Rushdy El- Abbady,</subfield>
    <subfield code="e">preparation.</subfield>
  </datafield>
  <datafield tag="245" ind1="1" ind2="0">
    <subfield code="a">Studies on the production and reproductive behavi- our our of guinea fowl (Numidia meleagris) At Giza zoo /</subfield>
    <subfield code="c">By Nagwa Mahmoud Rushdy El- Abbady; Supervision Prof. Dr. Abd El-Hamid Zakaria Fahmy, Prof. Dr. Nabil Fahmy Abd El-Hakeim </subfield>
  </datafield>
  <datafield tag="246" ind1="1" ind2="5">
    <subfield code="a">&#x62F;&#x631;&#x627;&#x633;&#x627;&#x62A; &#x639;&#x646; &#x627;&#x646;&#x62A;&#x627;&#x62C;&#x64A;&#x629; &#x648;&#x633;&#x644;&#x648;&#x643;&#x64A;&#x627;&#x62A; &#x627;&#x644;&#x62A;&#x646;&#x627;&#x633;&#x644; &#x644;&#x62F;&#x62C;&#x627;&#x62C; &#x627;&#x644;&#x648;&#x627;&#x62F;&#x64A; &#x641;&#x64A; &#x62D;&#x62F;&#x64A;&#x642;&#x629; &#x627;&#x644;&#x62D;&#x64A;&#x648;&#x627;&#x646; &#x628;&#x627;&#x644;&#x62C;&#x64A;&#x631;&#x629;</subfield>
  </datafield>
  <datafield tag="264" ind1=" " ind2="0">
    <subfield code="c">1995.</subfield>
  </datafield>
  <datafield tag="300" ind1=" " ind2=" ">
    <subfield code="a">117 Leaves :</subfield>
    <subfield code="b">illustrations</subfield>
    <subfield code="c">30 cm. + </subfield>
  </datafield>
  <datafield tag="336" ind1=" " ind2=" ">
    <subfield code="2">rda content</subfield>
    <subfield code="a">text</subfield>
  </datafield>
  <datafield tag="337" ind1=" " ind2=" ">
    <subfield code="2">rdamedia</subfield>
    <subfield code="a">Unmediated</subfield>
  </datafield>
  <datafield tag="338" ind1=" " ind2=" ">
    <subfield code="2">rdacarrier</subfield>
    <subfield code="a">volume</subfield>
  </datafield>
  <datafield tag="502" ind1=" " ind2=" ">
    <subfield code="a">Thesis (M.Sc.)-Cairo University, 1995.</subfield>
  </datafield>
  <datafield tag="504" ind1=" " ind2=" ">
    <subfield code="a">Bibliography: pages 110-117</subfield>
  </datafield>
  <datafield tag="653" ind1=" " ind2="0">
    <subfield code="a">reproductive </subfield>
    <subfield code="a">Animal</subfield>
    <subfield code="a">Physiology</subfield>
  </datafield>
  <datafield tag="700" ind1="0" ind2=" ">
    <subfield code="a">Abd El-Hamid Zakaria Fahmy</subfield>
    <subfield code="e">thesis advisor.</subfield>
  </datafield>
  <datafield tag="700" ind1="0" ind2=" ">
    <subfield code="a">Nabil Fahmy Abd El-Hakeim </subfield>
    <subfield code="e">thesis advisor.</subfield>
  </datafield>
  <datafield tag="900" ind1=" " ind2=" ">
    <subfield code="D">Department of Animal &amp; Physiology</subfield>
    <subfield code="F">Faculty of Agriculture</subfield>
    <subfield code="U">Cairo University</subfield>
    <subfield code="b">1995</subfield>
    <subfield code="c">Abd El-Hamid Zakaria Fahmy</subfield>
    <subfield code="c">Nabil Fahmy Abd El-Hakeim </subfield>
  </datafield>
  <datafield tag="905" ind1=" " ind2=" ">
    <subfield code="a">Nehad</subfield>
    <subfield code="e">Nourhan</subfield>
  </datafield>
  <datafield tag="942" ind1=" " ind2=" ">
    <subfield code="2">ddc</subfield>
    <subfield code="c">TH</subfield>
    <subfield code="e">21</subfield>
    <subfield code="n">0</subfield>
  </datafield>
  <datafield tag="999" ind1=" " ind2=" ">
    <subfield code="c">177841</subfield>
  </datafield>
  <datafield tag="952" ind1=" " ind2=" ">
    <subfield code="2">ddc</subfield>
    <subfield code="9">313884</subfield>
    <subfield code="a">CUCL</subfield>
    <subfield code="b">100</subfield>
    <subfield code="d">2026-01-19</subfield>
    <subfield code="i">26643</subfield>
    <subfield code="o">Cai01.07.19.M.Sc.1995.Na.S</subfield>
    <subfield code="p">01010110026643000</subfield>
    <subfield code="r">2026-01-19 10:57:19</subfield>
    <subfield code="w">2026-01-19</subfield>
    <subfield code="y">TH</subfield>
  </datafield>
</record>
